000 00940nam0a22002531 4500
001 rc\4388825
005 20260408083021.0
021 _aRU
_bРг6366-65
035 _a(NLR Aleph) 008293045
090 _a8588323
_c8588323
100 _a20130416g19641965|||y0rusy50 ca
101 0 _arus
102 _aRU
105 _aa z |||||
200 1 _aВременная инструкция по проведению технического обслуживания бульдозера Д-271
_e[Утв. 26/VI 1964 г.]
_fМ-во строительства БССР
210 _aМинск
_cБ. и.
_d1964 (обл. 1965)
215 _a[2], 18 с.
_cил.
_d20
300 _aОтпеч. множит. аппаратом
712 0 1 _aБССР
_bМинистерство строительства
_9823301
_3RU\NLR\AUTH\8810163642
801 0 _aRU
_bNLR
_gpsbo
801 1 _aRU
_bELAR
_2rusmarc
852 _aNLR
_j65-4/13127
942 _cBOOK
980 _aNB